| 000 | 00396nam a2200145Ia 4500 | ||
|---|---|---|---|
| 005 | 20250729165756.0 | ||
| 008 | 250729s2017 xx 000 0 und d | ||
| 041 | _aeng | ||
| 082 | _a420.25 SHAU | ||
| 100 |
_aSharada Mattikoppa _9232695 |
||
| 245 | _aUnderstanding Discipline and Pedagogy : Language | ||
| 260 |
_aMysore _bVismaya Prakashana _c2017 |
||
| 300 | _a97p | ||
| 650 |
_aEnglish _9232696 |
||
| 999 |
_c239911 _d239911 |
||